00865nas a2200241Ia 4500001002800000003001000028008004100038040002500079041001300104100001600117210003100133222003100164245006200195250001100257260000900268501012300277300001600400362002600416500011200442650002700554700002000581700002200601A50/R101-17834 [r000016162]IT-MiCISF161014c99999999xx |||||||||||| ||und|| aIT-MiCISFcIT-MiCISF aITALIANO aGoffi Tullo aRivista di teologia morale aRivista di teologia morale 0aAnalisi delle riflessioni sul decennio dell'Humanae vitae a1a ed. c1979 bCISF - Centro Internazionale Studi Famiglia - Via Giotto, 36 20145 MILANO (non commercial uses only)cCopyright 2016 app. 487-501 an. 44, ott-dic [1979] a Tema: morale, pastorale, magistero, humanae-vitae, amore, procreazione, sacramento, antropologia, teologia aPROCREAZIONEvarticolo a De Guidi Serio a Lorenzetti Luigi